<?xml version="1.0" encoding="UTF-8"?>
<record
    xmlns:xsi="http://www.w3.org/2001/XMLSchema-instance"
    xsi:schemaLocation="http://www.loc.gov/MARC21/slim http://www.loc.gov/standards/marcxml/schema/MARC21slim.xsd"
    xmlns="http://www.loc.gov/MARC21/slim">

  <leader>00685nab a2200217 uc4500</leader>
  <controlfield tag="001">629371</controlfield>
  <controlfield tag="005">20260429101723.0</controlfield>
  <controlfield tag="008">001010e19991101                    spa  </controlfield>
  <datafield tag="035" ind1=" " ind2=" ">
    <subfield code="a">629371</subfield>
  </datafield>
  <datafield tag="035" ind1=" " ind2=" ">
    <subfield code="a">(OCoLC)819846626</subfield>
  </datafield>
  <datafield tag="040" ind1=" " ind2=" ">
    <subfield code="c">comduadb</subfield>
  </datafield>
  <datafield tag="041" ind1=" " ind2=" ">
    <subfield code="a">spa</subfield>
  </datafield>
  <datafield tag="100" ind1="1" ind2="0">
    <subfield code="a">Pereira Chaves, Jose</subfield>
    <subfield code="4">aut</subfield>
    <subfield code="e">aut</subfield>
    <subfield code="9">512146</subfield>
  </datafield>
  <datafield tag="245" ind1="1" ind2="0">
    <subfield code="a">Politica curricular</subfield>
  </datafield>
  <datafield tag="650" ind1=" " ind2="7">
    <subfield code="a">Educaci&#xF3;n superior</subfield>
    <subfield code="2">lemb</subfield>
    <subfield code="9">1957</subfield>
  </datafield>
  <datafield tag="650" ind1=" " ind2=" ">
    <subfield code="a">Paradigmas (Educaci&#xF3;n)</subfield>
    <subfield code="9">31230</subfield>
  </datafield>
  <datafield tag="650" ind1=" " ind2=" ">
    <subfield code="a">Innovaci&#xF3;n curricular</subfield>
    <subfield code="9">69618</subfield>
  </datafield>
  <datafield tag="650" ind1=" " ind2="7">
    <subfield code="a">Pol&#xED;tica educativa</subfield>
    <subfield code="2">lemb</subfield>
    <subfield code="9">856390</subfield>
  </datafield>
  <datafield tag="773" ind1="0" ind2=" ">
    <subfield code="t">Fragmentos de Cultura (Goiania)</subfield>
    <subfield code="g">Vol. 09, No. 06, Nov.-Dic. 1999, p. 1455-1474</subfield>
    <subfield code="w">551406</subfield>
    <subfield code="x">1414-9494</subfield>
    <subfield code="0">131998</subfield>
  </datafield>
  <datafield tag="942" ind1=" " ind2=" ">
    <subfield code="c">ARIMP</subfield>
  </datafield>
  <datafield tag="999" ind1=" " ind2=" ">
    <subfield code="c">160874</subfield>
    <subfield code="d">160874</subfield>
  </datafield>
</record>
